[Event "16th Vienna Open"]
[Site "Vienna AUT"]
[Date "2009.08.17"]
[Round "3"]
[White "Faerman,I"]
[Black "Eisenbeiser,A"]
[Result "0-1"]
[WhiteElo "2249"]
[BlackElo "2390"]

1.e4 d6 2.d4 Nf6 3.Nc3 e5 4.Nf3 Nbd7 5.Bc4 Be7 6.O-O O-O 7.a4 exd4 8.Nxd4 Ne5
9.Be2 Nc6 10.a5 a6 11.Bf4 Bd7 12.h3 Re8 13.Re1 Bf8 14.Bf1 h6 15.Qd2 Nxd4
16.Qxd4 Bc6 17.Nd5 Nxd5 18.exd5 Bb5 19.c4 Bd7 20.Rxe8 Qxe8 21.Bd2 Be7 22.Re1 Qf8
23.Bc3 Bf6 24.Qd2 Bxc3 25.Qxc3 Re8 26.b4 Rxe1 27.Qxe1 b6 28.Qa1 Qa8 29.Qa3 Qb7
30.axb6 cxb6 31.c5 bxc5 32.bxc5 Qxd5 33.cxd6 a5 34.Be2 a4 35.Bg4 f5 36.Bf3 Qa5
37.Qa2+ Kh7 38.g3 a3 39.Bd5 Qc5 40.Qd2 Qb5 41.h4 Qb1+ 42.Kh2 Qb2 43.Qxb2 axb2
44.Ba2 Kg6 45.f3 Kf6 46.Kg2 Ke5 47.Kf2 Kxd6 48.Ke3 Bc6 49.Bb1 Ke5 50.h5 Bd5
51.Kf2 f4 52.g4 Kd4 53.Ke2 Ke5  0-1

[Event "24th Open"]
[Site "Tetevan BUL"]
[Date "2009.08.19"]
[Round "6"]
[White "Galunova,T"]
[Black "Kirov,D"]
[Result "0-1"]
[WhiteElo "1911"]
[BlackElo "2097"]

1.e4 d6 2.d4 Nf6 3.Nc3 c6 4.f4 Qa5 5.Bd2 Qb6 6.Nf3 Bg4 7.Bd3 Nbd7 8.Na4 Qc7
9.h3 Bxf3 10.Qxf3 e5 11.dxe5 dxe5 12.O-O-O O-O-O 13.g4 exf4 14.Bxf4 Ne5 15.Qf2 Kb8
16.Kb1 Nfd7 17.Qg3 Bd6 18.Be2 f6 19.g5 Nf8 20.gxf6 gxf6 21.Qh2 Ne6 22.Bg3 b5
23.Nc3 Nc5 24.b4 Ne6 25.a3 a5 26.Qf2 Rhf8 27.Qf5 axb4 28.Qxe6 bxc3 29.Qb3 Kb7
30.a4 Ra8 31.Bxb5 cxb5 32.Qd5+ Qc6 33.Qxd6 Qxd6 34.Rxd6 Nc4 35.Rd7+ Kc6 36.Rc7+ Kb6
37.Rd1 Rxa4 38.Rcd7 Rfa8 39.Bf2+ Kc6  0-1

[Event "24th Open"]
[Site "Tetevan BUL"]
[Date "2009.08.19"]
[Round "7"]
[White "Kirov,D"]
[Black "Andonov,B"]
[Result "0-1"]
[WhiteElo "2097"]
[BlackElo "2311"]

1.e4 d6 2.d4 Nf6 3.Nc3 c6 4.Be3 e5 5.f3 Nbd7 6.Qd2 Be7 7.Nge2 O-O 8.g4 b5
9.g5 Ne8 10.h4 Nb6 11.Ng3 Nc7 12.O-O-O b4 13.Nb1 exd4 14.Bxd4 c5 15.Be3 d5
16.Qg2 Re8 17.Nh5 Kh8 18.f4 Bf8 19.Rg1 d4 20.Bf2 Bb7 21.Ng3 Qd7 22.f5 Qa4
23.a3 Bd6 24.Qf3 Bxg3 25.Qxg3 Bxe4 26.Bd3 bxa3 27.Nxa3 Ncd5 28.Bb5 Qb4 29.Be1 Nc3
30.Bxe8 Nbd5 31.Bxc3 dxc3 32.bxc3 Qxa3+ 33.Kd2 Rxe8 34.Rge1 Qa4 35.Rc1 Qd7
36.Rcd1 Nb4+ 37.Kc1 Qa4 38.Qf2 Na2+ 39.Kd2 Qxc2+ 40.Ke3 Bc6+  0-1

[Event "XXVI Open A"]
[Site "Collado Villalba ESP"]
[Date "2009.08.21"]
[Round "1"]
[White "Perez Ortego,A"]
[Black "Rodriguez de Castro,A"]
[Result "0-1"]
[WhiteElo "1596"]
[BlackElo "2084"]

1.e4 d6 2.d4 Nf6 3.Nc3 Nbd7 4.Nf3 e5 5.Bg5 Be7 6.dxe5 dxe5 7.Bc4 c6 8.Nh4 b5
9.Bb3 b4 10.Ne2 Nxe4 11.Bxe7 Qxe7 12.Nf3 a5 13.a3 a4 14.Bc4 Qc5 15.Bxf7+ Kxf7
16.O-O Re8 17.axb4 Qxb4 18.Rb1 Ndf6 19.h3 Ba6 20.c3 Qc4 21.Ng3 Nxg3 22.fxg3 Qxf1+
23.Qxf1 Bxf1 24.Kxf1 Ne4  0-1

[Event "XXVI Open A"]
[Site "Collado Villalba ESP"]
[Date "2009.08.22"]
[Round "2"]
[White "Rodrigo Yanguas,M"]
[Black "Moreno Ruiz,J"]
[Result "0-1"]
[WhiteElo "2112"]
[BlackElo "2418"]

1.e4 d6 2.d4 Nf6 3.Nc3 Nbd7 4.Nf3 e5 5.Bc4 Be7 6.O-O O-O 7.Be3 c6 8.a4 a5
9.Qe2 Ng4 10.Rad1 Nxe3 11.fxe3 Bf6 12.Qf2 Qe7 13.Bd3 Nb6 14.b3 Bg4 15.Ne2 d5
16.Ng3 Rae8 17.Rde1 Qc7 18.c3 c5 19.exd5 Nxd5 20.Bb5 Rd8 21.c4 Nc3 22.d5 e4
23.Nd2 Be5 24.Nb1 Nxb5 25.axb5 f5 26.Kh1 Rf6 27.b6 Rxb6 28.Na3 Rh6 29.Nb5 Qd7
30.h3 Bxh3 31.gxh3 Rxh3+ 32.Kg2 Rxg3+ 33.Qxg3 Bxg3 34.Kxg3 Rf8 35.Nc3 Qd6+  0-1

[Event "3rd NH Chess Tournament"]
[Site "Amsterdam NED"]
[Date "2009.08.23"]
[Round "4"]
[White "Hou Yifan"]
[Black "Beliavsky,A"]
[Result "1-0"]
[WhiteElo "2584"]
[BlackElo "2662"]

1.e4 d6 2.d4 Nf6 3.Nc3 e5 4.Nf3 Nbd7 5.Bc4 Be7 6.O-O O-O 7.Re1 c6 8.a4 a5
9.Ba2 h6 10.h3 Nh7 11.Be3 Ng5 12.Qe2 Nxf3+ 13.Qxf3 Bg5 14.Rad1 Qe7 15.Ne2 g6
16.Ng3 Kg7 17.Qe2 Nf6 18.Qd2 Nh7 19.f4 exf4 20.Bxf4 Bd7 21.Rf1 h5 22.Rde1 Bxf4
23.Rxf4 Ng5 24.h4 Ne6 25.Nf5+ gxf5 26.exf5 d5 27.f6+ Qxf6 28.Rxf6 Kxf6 29.c4 dxc4
30.Bxc4 Rg8 31.Qf2+ Ke7 32.d5 cxd5 33.Qc5+ Kd8 34.Qxd5 Kc8 35.Bb5 Bxb5 36.axb5 Kc7
37.Rf1 Rg7 38.Rxf7+ Rxf7 39.b6+  1-0

[Event "5th Gazi Open"]
[Site "Heraklion GRE"]
[Date "2009.08.23"]
[Round "2"]
[White "Kosmadakis,D"]
[Black "Bojkov,D"]
[Result "0-1"]
[WhiteElo "1912"]
[BlackElo "2521"]

1.e4 d6 2.d4 Nf6 3.Nc3 e5 4.dxe5 dxe5 5.Qxd8+ Kxd8 6.Bg5 Be6 7.Nd5 Nd7 8.O-O-O Kc8
9.f3 c6 10.Nc3 b5 11.Kb1 Bc5 12.Nge2 b4 13.Na4 Be7 14.Nc1 Nb6 15.Nxb6+ axb6
16.Bd2 Kc7 17.c3 bxc3 18.Bxc3 Nd7 19.Bd3 f6 20.Rd2 Nc5 21.b3 b5 22.Rhd1 Rhb8
23.Bf1 Nd7 24.Rc2 c5 25.Bb4 Kb6 26.Be1 Ra3 27.Bf2 Rba8 28.b4 Kc6 29.bxc5 R8a4
30.Rd3 Rb4+ 31.Rb2 Raa4 32.a3 Rxb2+ 33.Kxb2 Bc4 34.Rd1 Nxc5 35.Bxc4 bxc4
36.Kc3 Rxa3+ 37.Kxc4 Na4  0-1

[Event "XXI Festival Open A"]
[Site "Porto San Giorgio ITA"]
[Date "2009.08.23"]
[Round "3"]
[White "Fezza,D"]
[Black "Kizov,A"]
[Result "0-1"]
[WhiteElo "2082"]
[BlackElo "2397"]

1.e4 d6 2.d4 Nf6 3.Nc3 e5 4.dxe5 dxe5 5.Qxd8+ Kxd8 6.Nf3 Bd6 7.Be3 a6 8.a4 h6
9.Bc4 Ke7 10.O-O Nc6 11.h3 Nb4 12.Rac1 Bd7 13.Rfd1 b6 14.Ne1 Rhb8 15.f3 b5
16.Bb3 Be6 17.Bxe6 Kxe6 18.Nd3 Nd7 19.Nxb4 Bxb4 20.Nd5 Bd6 21.axb5 axb5 22.Ra1 c6
23.Nc3 Bc5 24.Kf2 Bxe3+ 25.Kxe3 Nc5 26.b3 h5 27.h4 g6 28.g3 f5 29.Rh1 Nd7
30.Rhg1 Nf6 31.b4 fxe4 32.fxe4 Rf8 33.Rxa8 Rxa8 34.Rd1 Ne8 35.Ke2 Nd6 36.Rd3 Nc4
37.Rf3 Ra1 38.Rf2 Rc1 39.Kd3 Re1 40.Rf3 Ke7 41.Ne2 Rd1+ 42.Kc3 Ra1 43.Kd3 Ra4
44.Rf1 Rxb4 45.Ra1 Nd6 46.Ra7+ Kf6 47.Nc3 Rd4+ 48.Ke2 b4 49.Na4 Rxe4+ 50.Kf3 Rc4
51.Nb6 Rc3+ 52.Ke2 Rxc2+ 53.Kd3 Rc3+ 54.Ke2 b3 55.Nd7+ Kf5  0-1

[Event "16th Vienna Open"]
[Site "Vienna AUT"]
[Date "2009.08.23"]
[Round "9"]
[White "Groetz,H"]
[Black "Schloetzer,W"]
[Result "0-1"]
[WhiteElo "2350"]
[BlackElo "2256"]

1.e4 d6 2.d4 Nf6 3.Nc3 e5 4.Nf3 Nbd7 5.g4 h6 6.g5 hxg5 7.Bxg5 c6 8.dxe5 Nxe5
9.Nxe5 dxe5 10.Qxd8+ Kxd8 11.O-O-O+ Kc7 12.f3 Bh3 13.Ne2 Bc5 14.Ng3 Bxf1
15.Rdxf1 Rh3 16.Nf5 Nh5 17.Be3 Bxe3+ 18.Nxe3 Rh8 19.Rf2 Nf4 20.Ng4 f6 21.Rd1 Rd8
22.Rxd8 Kxd8 23.a4 Ke7 24.Kd2 g6 25.Ne3 Ne6 26.Nc4 b6 27.Ke3 g5 28.c3 g4
29.Nd2 Ng5 30.b4 Ke6 31.Ke2 gxf3+ 32.Ke3 f5 33.exf5+ Kxf5 34.Nf1 e4 35.Ng3+ Ke5
36.Rd2 Ne6 37.Nf1 Nf4 38.Rd8 Nd5+ 39.Kd2 Rh6 40.b5 cxb5 41.axb5 Rd6 42.Rxd6 Kxd6
43.c4 Nf4 44.h4 Ng2 45.h5 Ke6 46.Kc3 e3 47.Nh2 Ne1 48.h6 Kf7 49.Ng4 Kg6 50.Nxe3 Kxh6
51.Kd4 Ng2 52.Ke4 f2 53.Ng4+ Kg5 54.Nxf2 Kf6 55.Nd3 Ke6 56.Nb4 Kd6 57.Nc6 a6
58.Kd4 Nf4 59.Nb4 Ne6+ 60.Kc3 axb5 61.Nd5 Kc5 62.Ne3 b4+ 63.Kb3 Nd4+ 64.Kb2 Nc6
65.Nd5 Na5 66.Nc7 Nxc4+ 67.Kb3 Nd2+ 68.Kc2 Ne4 69.Kb3 Nd2+ 70.Kc2 Nc4 71.Kb3 Na5+
72.Kb2 Kc6 73.Na6 Kb5 74.Nc7+ Ka4 75.Nd5 Nc4+ 76.Ka2 b3+ 77.Kb1 Ka3 78.Nc3 Kb4
79.Nd5+ Ka4 80.Nc3+ Ka3 81.Nb5+ Kb4 82.Nd4 b5 83.Ne2 Ka3 84.Nc3 Nd2+ 85.Kc1 b2+
86.Kxd2 b4 87.Nb1+ Ka2 88.Kc2 b3+  0-1

[Event "XXVI Open A"]
[Site "Collado Villalba ESP"]
[Date "2009.08.25"]
[Round "5"]
[White "Serrano Nunez,D"]
[Black "Ananian,A"]
[Result "1-0"]
[WhiteElo "1997"]
[BlackElo "1790"]

1.e4 d6 2.d4 Nf6 3.Nc3 c6 4.Nf3 Bg4 5.Be2 Nbd7 6.O-O e6 7.Be3 Be7 8.h3 Bh5
9.Nd2 Bxe2 10.Qxe2 O-O 11.f4 e5 12.dxe5 dxe5 13.Rad1 exf4 14.Rxf4 Qc7 15.Kh1 Bd6
16.Rf5 g6 17.Nc4 Bb4 18.Rf4 b5 19.e5 Nh5 20.Qg4 f5 21.exf6 Ndxf6 22.Qe6+ Kh8
23.Rxf6 Nxf6 24.Bd4 Qe7 25.Qxc6 Bxc3 26.Bxc3 bxc4 27.Rd7 Rac8 28.Qxc8 Qe1+
29.Bxe1 Rxc8 30.Bc3 Rc6 31.Rf7  1-0

[Event "XXVI Open A"]
[Site "Collado Villalba ESP"]
[Date "2009.08.25"]
[Round "5"]
[White "Gal,E"]
[Black "Martin Consuegra Barrilero,J"]
[Result "1/2-1/2"]
[WhiteElo "1981"]
[BlackElo "1891"]

1.e4 d6 2.d4 Nf6 3.Nc3 Nbd7 4.f4 e5 5.Nf3 exd4 6.Qxd4 Be7 7.Bc4 O-O 8.O-O Nb6
9.Bb3 Nfd7 10.Be3 Nc5 11.Nd5 Nxd5 12.Bxd5 c6 13.Bc4 b5 14.Be2 Bb7 15.c4 a6
16.Rad1 Qc7 17.f5 Rfd8 18.b3 d5 19.f6 dxe4 20.Qe5 Qxe5 21.Nxe5 Bxf6 22.Nxf7 Kxf7
23.Bxc5 Rxd1 24.Rxd1 Rd8 25.Kf2 Rxd1 26.Bxd1 bxc4 27.bxc4 Bc8 28.g4 Be6 29.Be2 Bg5
30.h3 Bc1 31.a4 Bd2 32.Be3 Bc3 33.Bb6  1/2-1/2

[Event "9th UIL&UL GM"]
[Site "Dahka BAN"]
[Date "2009.08.25"]
[Round "6"]
[White "Sareen,V"]
[Black "Bhuiyan,G"]
[Result "1-0"]
[WhiteElo "2369"]
[BlackElo "2177"]

1.e4 c6 2.d4 d6 3.Nc3 Nf6 4.Nf3 Bg4 5.h3 Bxf3 6.Qxf3 Nbd7 7.Be3 e5 8.g4 h6
9.O-O-O Qc7 10.h4 O-O-O 11.Bh3 Kb8 12.g5 hxg5 13.hxg5 Ne8 14.Qxf7 Nb6 15.Qxc7+ Kxc7
16.b3 Be7 17.d5 Kb8 18.a4 Nc7 19.a5 Nba8 20.Bg4 cxd5 21.Nxd5 Nxd5 22.exd5 Nc7
23.c4 Na6 24.Kc2 Nc7 25.b4 Rdf8 26.Rxh8 Rxh8 27.Bf3 Rh4 28.Rh1 Rxh1 29.Bxh1 a6
30.Be4 Na8 31.Kc3 Kc7 32.b5 b6 33.axb6+ Nxb6 34.bxa6 Bd8 35.Kb4 Be7 36.Kb5 Na8
37.Bd2 Kd7 38.Bf5+ Kc7 39.Be3 Bd8 40.c5 dxc5 41.Bxc5 Bxg5 42.d6+ Kb8 43.Kc6 Bd8
44.a7+  1-0

[Event "9th UIL&UL GM"]
[Site "Dahka BAN"]
[Date "2009.08.26"]
[Round "7"]
[White "Abu Sufian,S"]
[Black "Bhuiyan,G"]
[Result "1-0"]
[WhiteElo "2372"]
[BlackElo "2177"]

1.e4 c6 2.d4 d6 3.Nc3 Nf6 4.Bg5 h6 5.Bxf6 exf6 6.Nf3 f5 7.e5 Be7 8.exd6 Qxd6
9.Bc4 Be6 10.Qe2 Bxc4 11.Qxc4 O-O 12.O-O Nd7 13.Rfe1 Bf6 14.Rad1 Rfe8 15.a4 Rxe1+
16.Rxe1 Rd8 17.a5 a6 18.Na4 g6 19.h3 Kg7 20.c3 Qc7 21.b4 Qd6 22.Nb2 Nf8 23.Nd3 Ne6
24.Nfe5 Qd5 25.Qxd5 Rxd5 26.Kf1 Bg5 27.Re2 h5 28.Ke1 Bf6 29.Nc4 Bg5 30.Kf1 Rd8
31.Nc5 Nxc5 32.bxc5 Rd7 33.Re8 Rd8 34.Nd6 Rxe8 35.Nxe8+ Kf8 36.Nd6 Ke7 37.Ke2 Bf4
38.Nxb7 h4 39.c4 f6 40.Kd3 Kd7 41.d5 g5 42.Nd6 Bxd6 43.dxc6+ Kxc6 44.cxd6 Kxd6
45.Kd4 f4 46.f3 f5 47.c5+ Kc6 48.Kc4 g4 49.Kd4 gxf3 50.gxf3 Kc7 51.Kd5 Kd7
52.c6+ Kc8 53.Kd4 Kd8 54.Kc4 Kc8 55.Kd5 Kc7 56.Kc5 Kc8 57.Kb6 Kb8 58.Kxa6 Kc7
59.Kb5  1-0

[Event "XXVI Open A"]
[Site "Collado Villalba ESP"]
[Date "2009.08.27"]
[Round "7"]
[White "Martin Martin,Lu"]
[Black "Martin Consuegra Barrilero,J"]
[Result "1-0"]
[WhiteElo "2095"]
[BlackElo "1891"]

1.e4 d6 2.d4 Nf6 3.Nc3 Nbd7 4.Be2 c6 5.a4 a5 6.Nf3 e5 7.dxe5 dxe5 8.Be3 Bb4
9.Qd3 O-O 10.O-O Qe7 11.Qc4 Nc5 12.Na2 Be6 13.Bxc5 Bxc5 14.Qc3 Nxe4 15.Qxe5 Nxf2
16.Rxf2 f6 17.Qe4 Bxf2+ 18.Kxf2 Qc5+ 19.Qe3 Qxe3+ 20.Kxe3 Rfe8 21.Kf2 Re7
22.Nc3 Rae8 23.Bd3 g6 24.Nd4 Kg7 25.Nxe6+ Rxe6 26.Rd1 Rd8 27.Rb1 Rd4 28.b3 Rf4+
29.Kg1 Re5 30.Ne2 Rg4 31.h3 Rb4 32.Kf2 b5 33.axb5 cxb5 34.c3 Rh4 35.Nd4 Rf4+
36.Nf3 Rd5 37.Ke3 g5 38.c4 bxc4 39.bxc4 Rd7 40.Rb3 Re7+ 41.Kf2 Rc7 42.Rc3 g4
43.Kg3 Rfxc4 44.Rxc4 Rxc4 45.Bxc4 gxf3 46.Kxf3 a4 47.Kf4 Kg6 48.Bd3+ Kh5
49.Bxh7 Kh4 50.Bg8 a3 51.Bf7 f5 52.Ba2  1-0

[Event "TIM"]
[Site "Montreal CAN"]
[Date "2009.08.27"]
[Round "1"]
[White "Roussel Roozmon,T"]
[Black "Akobian,V"]
[Result "1/2-1/2"]
[WhiteElo "2487"]
[BlackElo "2626"]

1.e4 d6 2.d4 Nf6 3.Nc3 c6 4.f4 Qa5 5.Bd3 e5 6.Nf3 Nbd7 7.O-O Be7 8.Be3 O-O
9.Qe1 Qc7 10.Kh1 Re8 11.fxe5 dxe5 12.dxe5 Nxe5 13.Nxe5 Qxe5 14.Bf4 Qh5 15.e5 Bb4
16.exf6 Rxe1 17.Raxe1 Bf5 18.Re5 Bxd3 19.Rxh5 Bxf1 20.Ne4  1/2-1/2

[Event "XXI Festival Open A"]
[Site "Porto San Giorgio ITA"]
[Date "2009.08.27"]
[Round "7"]
[White "Cerquitella,L"]
[Black "Di Donatantonio,F"]
[Result "1/2-1/2"]
[WhiteElo "2261"]
[BlackElo "2143"]

1.e4 d6 2.d4 Nf6 3.Nc3 Nbd7 4.Nf3 e5 5.Bc4 h6 6.O-O Be7 7.Re1 O-O 8.a4 c6
9.Ba2 Nh7 10.Qe2 Ng5 11.Be3 Bf6 12.Rad1 Qe7 13.Kh1 Re8 14.Nxg5 Bxg5 15.Bxg5 hxg5
16.dxe5 dxe5 17.Rd2 Nc5 18.Red1 Ne6 19.Bxe6 Bxe6 20.Qe3 f6 21.Rd6 Rad8 22.Rxd8 Rxd8
23.Rxd8+ Qxd8 24.Qxa7 Qd2 25.h3 Qxc2 26.Qb6 Qc1+ 27.Kh2 Qf4+ 28.g3 Qf3 29.Qa7 Qf4  1/2-1/2

[Event "2nd Bolivar Open"]
[Site "Buenos Aires ARG"]
[Date "2009.08.29"]
[Round "5"]
[White "Amed,S"]
[Black "Perelman,H"]
[Result "1/2-1/2"]
[WhiteElo "2166"]
[BlackElo "2326"]

1.e4 d6 2.d4 Nf6 3.Nc3 e5 4.Nf3 Nbd7 5.Bc4 Be7 6.O-O O-O 7.Re1 c6 8.a4 h6
9.h3 Re8 10.Ba2 Qc7 11.dxe5 dxe5 12.Nh4 Nf8 13.Qf3 Bd8  1/2-1/2

[Event "2nd Bolivar Open"]
[Site "Buenos Aires ARG"]
[Date "2009.08.29"]
[Round "5"]
[White "Pierrot,Fac"]
[Black "Guerrero,Alv"]
[Result "1/2-1/2"]
[WhiteElo "2424"]
[BlackElo "2257"]

1.d4 d6 2.e4 Nf6 3.Nc3 e5 4.dxe5 dxe5 5.Qxd8+ Kxd8 6.Bc4 Be6 7.Bxe6 fxe6
8.f3 Nbd7 9.Nh3 Bd6 10.Be3 Ke7 11.Nf2 a6 12.a4 b6 13.Ke2 Rhd8 14.b3 Bc5 15.Rhd1 Bxe3
16.Kxe3 Nc5 17.g4 Rd7 18.h4 Rad8 19.Rxd7+ Nfxd7 20.Ncd1 a5 21.Nb2 Na6 22.Nfd3 Nac5
23.Nf2 Nb7 24.g5 Nd6 25.Ng4 Nf7 26.Nc4 h5 27.gxh6 gxh6 28.c3 h5 29.Nf2 Rg8
30.b4 axb4 31.cxb4 Nd6 32.Nb2 c5 33.b5 c4 34.Rc1 Ra8 35.Nfd1 Nc5 36.Nc3 Rg8
37.Ne2 Ra8 38.Rg1 Nxa4 39.Ra1 Nxb2 40.Rxa8 Nxb5 41.Ra6 c3 42.f4 Nd1+ 43.Kd3 exf4
44.Nxf4 Nf2+ 45.Kc2 Nxe4 46.Rxb6 Nd4+ 47.Kd3 c2 48.Kxd4 e5+ 49.Kxe4 c1=Q
50.Re6+ Kd7 51.Rxe5 Qe1+ 52.Kd5 Qd2+ 53.Ke4 Qe1+ 54.Kd5 Qh1+ 55.Re4 Qxh4
56.Ng6 Qh1 57.Nh4 Kc7 58.Ke5 Kc6 59.Nf5 Qh2+ 60.Kf6 Qb2+ 61.Ke6 Kc5 62.Re5+ Kc6
63.Re4 Kc5 64.Re5+  1/2-1/2

[Event "9th UIL&UL GM"]
[Site "Dahka BAN"]
[Date "2009.08.29"]
[Round "10"]
[White "Minhazuddin,A"]
[Black "Islam,AP"]
[Result "1/2-1/2"]
[WhiteElo "2391"]
[BlackElo "2188"]

1.e4 d6 2.d4 Nf6 3.Nc3 e5 4.dxe5 dxe5 5.Qxd8+ Kxd8 6.Bg5 Be6 7.O-O-O+ Nd7
8.f4 exf4 9.Nge2 h6 10.Bxf6+ gxf6 11.Nxf4 Bd6 12.g3 h5 13.Bb5 Nb6 14.Be2 h4
15.g4 Ke7 16.Nfd5+ Bxd5 17.exd5 Be5 18.Ne4 Rad8 19.c4 c6 20.dxc6 bxc6 21.h3 Na4
22.b3 Nc3 23.Nxc3 Bxc3 24.Bf3 c5 25.Bd5 Rhg8 26.Kc2 Be5 27.Rhf1 Rg5 28.Rfe1 a5  1/2-1/2

[Event "57th ch-HUN w"]
[Site "Eger HUN"]
[Date "2009.08.29"]
[Round "9"]
[White "Medvegy,N"]
[Black "Vajda,S"]
[Result "1/2-1/2"]
[WhiteElo "2344"]
[BlackElo "2375"]

1.e4 d6 2.d4 Nf6 3.Nc3 e5 4.Nf3 Nbd7 5.Bc4 Be7 6.O-O O-O 7.Re1 c6 8.b3 h6
9.Bb2 Re8 10.h3 exd4 11.Qxd4 Ne5 12.Be2 Qb6 13.Qxb6 Nxf3+ 14.Bxf3 axb6 15.a4 Be6
16.Rad1 Nd7 17.Bg4 Bxg4 18.hxg4 Nc5 19.f3 Bh4 20.Re2 Bg3 21.Kf1 Be5 22.Red2 Bf4
23.Re2 Be5 24.Red2 Bf4 25.Re2 Be5  1/2-1/2

[Event "6th Open"]
[Site "Kalamaria GRE"]
[Date "2009.08.29"]
[Round "9"]
[White "Michiels,B"]
[Black "Nevednichy,V"]
[Result "1/2-1/2"]
[WhiteElo "2451"]
[BlackElo "2570"]

1.e4 d6 2.d4 Nf6 3.Nc3 e5 4.dxe5 dxe5 5.Qxd8+ Kxd8 6.Bc4 Ke8 7.Nf3 Bd6 8.Be3 a6
9.O-O-O b5 10.Bb3 Bb7 11.Ng5 Rf8 12.Nd5 Nbd7 13.f3 a5 14.a4 h6 15.Nxf6+ Nxf6
16.Nh3 Bc6 17.axb5 Bxb5 18.Nf2 Bc6 19.Nd3 Nd7 20.Bd5 Bxd5 21.exd5 f5 22.c4 e4
23.Nf4 Bxf4 24.Bxf4 Kd8 25.fxe4 fxe4 26.Rhf1 a4 27.Bg3 Re8 28.Kc2 Rb8 29.Ra1 Rb4
30.Kc3 Rb3+ 31.Kc2 Rb4 32.Kc3 Rb3+  1/2-1/2

[Event "43rd Open"]
[Site "Mislata ESP"]
[Date "2009.08.30"]
[Round "9"]
[White "Castella Garcia,F"]
[Black "Silva Rodriguez,F"]
[Result "0-1"]
[WhiteElo "2320"]
[BlackElo "2010"]

1.e4 d6 2.d4 Nf6 3.Nc3 Nbd7 4.Nf3 e5 5.Bc4 Be7 6.O-O O-O 7.Re1 c6 8.a4 a5
9.h3 exd4 10.Nxd4 Nc5 11.Bg5 Be6 12.Bf1 Qb6 13.Rb1 Rad8 14.Be3 Qb4 15.Nf5 Bxf5
16.exf5 Rfe8 17.Bd4 d5 18.Na2 Qb6 19.b4 axb4 20.Nxb4 Qc7 21.Nd3 Nxd3 22.Qxd3 Nd7
23.Qb3 Rb8 24.Ba7 Ra8 25.Qxb7 Rxa7 26.Qxc7 Rxc7 27.a5 Kf8 28.c4 d4 29.g4 Bc5
30.Bg2 Rxe1+ 31.Rxe1 f6 32.Re6 Ne5 33.f4 d3+ 34.Kf1 d2 35.Ke2 Rd7  0-1

[Event "XIX EYCC Boys U18"]
[Site "Fermo ITA"]
[Date "2009.08.31"]
[Round "1"]
[White "Salentiny,E"]
[Black "Bebel,A"]
[Result "0-1"]
[WhiteElo "1861"]
[BlackElo "2276"]

1.e4 d6 2.d4 Nf6 3.Nc3 e5 4.Nf3 Nbd7 5.Bc4 Be7 6.O-O O-O 7.Re1 c6 8.a4 b6
9.dxe5 dxe5 10.Bg5 Qc7 11.Qe2 a6 12.Nh4 Nc5 13.Nf5 Ne6 14.Nxe7+ Qxe7 15.Bxf6 Qxf6
16.Bxe6 Bxe6 17.Red1 Qe7 18.Qe3 Qb4 19.b3 Rad8 20.Na2 Rxd1+ 21.Rxd1 Qa3 22.Qc3 c5
23.Ra1 Rd8 24.Kf1 f6 25.Ke2 a5 26.Nc1 Qb4 27.Qxb4 cxb4 28.Nd3 Rc8 29.Kd2 Kf8
30.g3 Rc3 31.Re1 Bc8 32.Re3 Ba6 33.f4 exf4 34.gxf4 b5 35.Nb2 Rc5 36.axb5 Bxb5
37.c3 Rh5 38.h3 bxc3+ 39.Rxc3 Rh4 40.Rf3 Bc6 41.Ke3 f5 42.Nc4 Bxe4 43.Rg3 g5
44.Rxg5 Rxh3+ 45.Kd4 Rxb3 46.Nxa5 Rd3+ 47.Kc4 Rf3 48.Rh5 Kg7 49.Rh4 Rg3 50.Kd4 Rd3+
51.Kc4 Rd1 52.Kc3 Bd5 53.Rh5 Kg6 54.Rg5+ Kf6 55.Rh5 Ra1 56.Kb4 Rh1 57.Rxh1 Bxh1
58.Nc4 h5 59.Ne3 h4 60.Nf1 Kg6 61.Kc3 Kh5 62.Nh2 h3 63.Kd2 Kh4 64.Ke2 Kg3
65.Nf1+ Kxf4  0-1

[Event "XIX EYCC Boys U16"]
[Site "Fermo ITA"]
[Date "2009.09.01"]
[Round "2"]
[White "Rasulo,S"]
[Black "Franciosi,F"]
[Result "1/2-1/2"]
[WhiteElo "1794"]
[BlackElo "1993"]

1.e4 d6 2.d4 Nf6 3.Nc3 Nbd7 4.f3 c6 5.Be3 e5 6.dxe5 dxe5 7.Bc4 b5 8.Bb3 a6
9.Qd2 Be7 10.Nge2 Bb7 11.a3 Qc7 12.g4 Nc5 13.Ng3 Nxb3 14.cxb3 g6 15.h4 Nd7
16.Qf2 Qa5 17.Rc1 b4 18.axb4 Qxb4 19.g5 Bc5 20.f4 O-O-O 21.O-O Bxe3 22.Qxe3 Qc5
23.Nd5 Qxe3+ 24.Nxe3 Kb8 25.Nc4 Rhf8  1/2-1/2

[Event "TCh-SRB 1st League"]
[Site "Kragujevac SRB"]
[Date "2009.09.01"]
[Round "1"]
[White "Nadj Hedjesi,B"]
[Black "Pikula,D"]
[Result "1/2-1/2"]
[WhiteElo "2454"]
[BlackElo "2562"]

1.e4 d6 2.d4 Nf6 3.Nc3 e5 4.Nf3 Nbd7 5.Bc4 Be7 6.O-O O-O 7.Re1 a6 8.a4 b6
9.Ne2 Bb7 10.Ng3 exd4 11.Qxd4 Ng4 12.Nh5 Nde5 13.Nxe5 dxe5 14.Qxd8 Rfxd8
15.f3 Nf6 16.Nxf6+ Bxf6 17.Be3 Rd6 18.Red1 Rad8 19.Rxd6 Rxd6 20.Kf1 h6 21.Ke1 Bg5
22.Bf2 h5 23.Rd1 Rxd1+ 24.Kxd1 Kf8 25.Ke2 Bc1 26.b4 Bg5 27.Kd3 Be7 28.c3 h4
29.g3 hxg3 30.hxg3 Bd6 31.g4 Ke7 32.Bh4+ f6 33.Bd5 c6 34.Bb3 Bc8 35.Bf2 b5
36.axb5 axb5 37.Bb6 Be6 38.Bxe6 Kxe6 39.Be3 g6 40.Bf2 Be7 41.Be3 Kd7 42.Bf2 Bf8
43.Be3 Ke6 44.Ke2  1/2-1/2

[Event "2nd Bolivar Open"]
[Site "Buenos Aires ARG"]
[Date "2009.09.02"]
[Round "9"]
[White "Rodriguez Vila,A"]
[Black "Perelman,H"]
[Result "1/2-1/2"]
[WhiteElo "2522"]
[BlackElo "2326"]

1.e4 d6 2.d4 Nf6 3.Nc3 e5 4.Nf3 Nbd7 5.Bc4 Be7 6.O-O O-O 7.Qe2 c6 8.a4 exd4
9.Nxd4 Re8 10.Be3 Bf8 11.f3 d5 12.Ba2 c5 13.Nf5 d4 14.Rad1 dxc3 15.Qc4 Ne5
16.Rxd8 Nxc4 17.Rxe8 Nxe8 18.Bxc4 Bxf5 19.exf5 cxb2 20.Rb1 Nd6 21.Bd5 Nxf5
22.Bf2 Rd8 23.c4 b6 24.Rxb2 Ne7 25.Bh4 Rd7 26.Bxe7 Bxe7 27.Re2 g6 28.Kf2 Kg7
29.f4 h5 30.g3 Bf6 31.Re8 Rd8 32.Re1 Rd7 33.Re8  1/2-1/2

[Event "TCh-SRB 1st League"]
[Site "Kragujevac SRB"]
[Date "2009.09.02"]
[Round "2"]
[White "Marinkovic,I"]
[Black "Milutinovic,De"]
[Result "1/2-1/2"]
[WhiteElo "2461"]
[BlackElo "2069"]

1.e4 d6 2.d4 Nf6 3.Nc3 Nbd7 4.g3 e5 5.Nge2 c6 6.a4 a5 7.Bg2 Be7 8.O-O O-O
9.h3 h6 10.Be3 Re8 11.f4 Qb6 12.Qd2 Qc7 13.g4 Nh7 14.Ng3 Ndf8 15.Nf5 Bxf5
16.gxf5 exf4 17.Bxf4 Bg5 18.Bxg5 hxg5 19.Rae1 Re7 20.Ne2 Nd7 21.Ng3 Rd8 22.Re3 Rde8
23.Rfe1 c5 24.c3 Nb6  1/2-1/2

[Event "XIX EYCC Boys U16"]
[Site "Fermo ITA"]
[Date "2009.09.03"]
[Round "4"]
[White "Pozueta Alegria,A"]
[Black "Lortkipanidze,N"]
[Result "1-0"]
[WhiteElo "2022"]
[BlackElo "2218"]

1.e4 d6 2.d4 Nf6 3.Nc3 e5 4.Nf3 exd4 5.Nxd4 Be7 6.Be2 O-O 7.O-O a6 8.a4 c5
9.Nb3 b6 10.f4 Bb7 11.Bf3 Re8 12.e5 Bxf3 13.Qxf3 dxe5 14.Qxa8 e4 15.Nxe4 c4
16.Nxf6+ Bxf6 17.Nd2 c3 18.bxc3 Bxc3 19.Ra3 Qd4+ 20.Kh1 Bxd2 21.Bxd2 Qxd2
22.f5 Qxc2 23.Re3 Rd8 24.Qd5 Qc8 25.Rfe1 Kf8 26.Qe4 Nc6 27.f6 gxf6 28.Qxh7 Ne5
29.Rxe5 fxe5 30.Qh8+ Ke7 31.Qxe5+ Kd7 32.Rd1+ Kc6 33.Rc1+  1-0

[Event "XIX EYCC Boys U16"]
[Site "Fermo ITA"]
[Date "2009.09.03"]
[Round "4"]
[White "Berchtenbreiter,M"]
[Black "Franciosi,F"]
[Result "0-1"]
[WhiteElo "2143"]
[BlackElo "1993"]

1.e4 d6 2.d4 Nf6 3.Nc3 e5 4.Nf3 Nbd7 5.Bc4 Be7 6.O-O O-O 7.Re1 c6 8.a4 a5
9.Ba2 Qb6 10.h3 exd4 11.Nxd4 Nc5 12.g4 Be6 13.g5 Nfd7 14.Kh1 Bxa2 15.Rxa2 Ne6
16.Nf5 Bxg5 17.Bxg5 Nxg5 18.Rg1 Ne6 19.Rxg7+ Kh8 20.Rxh7+ Kxh7 21.Qh5+ Kg8
22.Qg4+ Kh7 23.Qh4+ Kg8 24.Qg3+ Kh7 25.Qh4+ Kg8 26.Ra1 Ne5 27.Ne7+ Kg7 28.Nf5+ Kg8
29.Rg1+ Ng6 30.Ne7+ Kg7 31.Nf5+ Kg8 32.Qh6 Qd8 33.Rg4 Qf6 34.h4 Ng7 35.Ng3 Qf3+  0-1

[Event "TCh-SRB 1st League"]
[Site "Kragujevac SRB"]
[Date "2009.09.03"]
[Round "3"]
[White "Marjanovic,Slavo"]
[Black "Drazic,S"]
[Result "1-0"]
[WhiteElo "2480"]
[BlackElo "2518"]

1.e4 d6 2.d4 Nf6 3.Nc3 e5 4.Nf3 Nbd7 5.Bc4 Be7 6.O-O O-O 7.Re1 c6 8.a4 a5
9.h3 h6 10.Ba2 Re8 11.Qd3 exd4 12.Nxd4 Ne5 13.Qd1 Bf8 14.Bf4 Qb6 15.Qd2 Bd7
16.Kh2 Rad8 17.f3 Bc8 18.Kh1 Qb4 19.Nd1 Ng6 20.c3 Qc5 21.Bh2 Qh5 22.Nf2 Qc5
23.Nd3 Qb6 24.Re2 Ne5 25.Nf2 Qc7 26.Rae1 Qb6 27.Qc2 c5 28.Nf5 Be6 29.Bxe6 Rxe6
30.Rd1 h5 31.Ne3 Qc6 32.Red2 Rb8 33.Nd3 Nxd3 34.Rxd3 b5 35.axb5 Qxb5 36.R3d2 Rb6
37.Ra1 g6 38.Bf4 Qa6 39.Qa4 Rb5 40.Nc4 Nxe4 41.fxe4 Rxe4 42.Bxd6 Bh6 43.Rd5 Rxb2
44.Re5 Rxe5 45.Bxe5 Re2 46.Qxa5 Qxa5 47.Rxa5 Re1+ 48.Kh2 Rxe5 49.Nxe5 Bf4+
50.Kg1 Bxe5 51.Rxc5 Bg3 52.Kf1 Kf8 53.Ke2 Ke7 54.Kf3 Bh2 55.Ke4 Kf6 56.c4 h4
57.Ra5 Bg1 58.c5 Ke6 59.Ra6+ Ke7 60.Kd5 Bh2 61.Ra7+ Ke8 62.Kc6 g5 63.Kb7 Ke7
64.c6 Ke6 65.Ra5 f5 66.c7 Bxc7 67.Kxc7 Kf6 68.Kd6 g4 69.Ra4 Kg5 70.Ke5  1-0

[Event "6th LGA Premium Cup"]
[Site "Nuernberg GER"]
[Date "2009.09.03"]
[Round "1"]
[White "Bromberger,S"]
[Black "Hirschinger,T"]
[Result "1-0"]
[WhiteElo "2510"]
[BlackElo "2087"]

1.e4 d6 2.d4 Nf6 3.Nc3 Nbd7 4.f4 e5 5.Nf3 c6 6.dxe5 dxe5 7.fxe5 Ng4 8.e6 fxe6
9.Ng5 Nde5 10.Qxd8+ Kxd8 11.h3 Nh6 12.Bf4 Nhf7 13.Bc4 Nxg5 14.Bxe5 Nf7 15.O-O-O+ Ke8
16.Bg3 Bb4 17.Rhf1 Bxc3 18.bxc3 b5 19.Be2 e5 20.Bf2 Be6 21.Bc5 a6 22.Bh5 g6
23.Rf6 Bxa2 24.Kb2 Rd8 25.Kxa2  1-0